[Event "CYCC U16"]
[Site "Quebec CAN"]
[Date "2018.07.03"]
[Round "4.14"]
[White "Li, William"]
[Black "Surya, Benito"]
[Result "0-1"]
[WhiteElo "2204"]
[BlackElo "2094"]
[PlyCount "72"]
[EventDate "2018.07.02"]
[EventType "swiss"]
[EventRounds "7"]
[EventCountry "CAN"]

1. e4 d5 2. exd5 Nf6 3. d4 Nxd5 4. c4 Nb6 5. Nf3 g6 6. Nc3 Bg7 7. c5 Nd5 8. Bc4
Nxc3 9. bxc3 O-O 10. O-O b6 11. Ba3 Nd7 12. Ng5 e6 13. c6 Qxg5 14. f4 Qf6 15.
cxd7 Bxd7 16. Bxf8 Bxf8 17. Qf3 Rd8 18. Rad1 Ba4 19. Bb3 Bb5 20. Rfe1 Bd6 21.
a4 Ba6 22. g3 c5 23. dxc5 Bxc5+ 24. Kg2 Rxd1 25. Rxd1 Qe7 26. Bc2 Kg7 27. g4 f5
28. Kg3 g5 29. gxf5 exf5 30. Qc6 gxf4+ 31. Kh3 Qe3+ 32. Kg2 Bf1+ 33. Rxf1 Qe2+
34. Rf2 Qxf2+ 35. Kh3 Qe3+ 36. Kg2 Qe2+ 0-1

[Event "CYCC U16"]
[Site "Quebec CAN"]
[Date "2018.07.03"]
[Round "4.15"]
[White "Tinica, Gabriel"]
[Black "Zhang, Henry"]
[Result "1/2-1/2"]
[WhiteElo "1889"]
[BlackElo "2223"]
[PlyCount "101"]
[EventDate "2018.07.02"]
[EventType "swiss"]
[EventRounds "7"]
[EventCountry "CAN"]

1. d4 Nf6 2. Bf4 g6 3. Nc3 d5 4. e3 Bg7 5. h4 c5 6. Nf3 Nc6 7. Be2 O-O 8. Ne5
cxd4 9. Nxc6 bxc6 10. exd4 Nd7 11. Qd2 Re8 12. O-O-O e5 13. Bh6 Bh8 14. dxe5
Nxe5 15. f4 Ng4 16. Bxg4 Bxg4 17. Rde1 Qd7 18. Rxe8+ Rxe8 19. Re1 Rxe1+ 20.
Qxe1 Qe6 21. Qxe6 fxe6 22. Kd2 e5 23. fxe5 Bxe5 24. b3 Kf7 25. Ne2 Ke6 26. Ke3
Bxe2 27. Kxe2 Kf5 28. Kf3 Bf6 29. g4+ Ke5 30. Bf4+ Kd4 31. g5 Bd8 32. Bd2 a6
33. Kf4 Be7 34. Kf3 c5 35. Be1 c4 36. Bd2 Bd6 37. Ba5 Ba3 38. Bd2 Be7 39. Kf4
Bd6+ 40. Kf3 Be5 41. Be1 Bc7 42. Bd2 Bb8 43. Be1 Bd6 44. Bd2 Bh2 45. Ba5 Kc5
46. Be1 Be5 47. Bd2 Bc7 48. Be1 Kd4 49. Bd2 Be5 50. Be1 Kc5 51. Bd2 1/2-1/2

[Event "CYCC U16"]
[Site "Quebec CAN"]
[Date "2018.07.03"]
[Round "4.16"]
[White "Gaisinsky, Adam"]
[Black "Bu, Kevin"]
[Result "1/2-1/2"]
[WhiteElo "2108"]
[BlackElo "2023"]
[PlyCount "137"]
[EventDate "2018.07.02"]
[EventType "swiss"]
[EventRounds "7"]
[EventCountry "CAN"]

1. e4 Nf6 2. e5 Nd5 3. d4 d6 4. Bc4 Nb6 5. Bb3 dxe5 6. Qh5 e6 7. dxe5 g6 8. Qe2
Nc6 9. Nf3 Nd4 10. Nxd4 Qxd4 11. c3 Qh4 12. Nd2 Bd7 13. Ne4 Be7 14. g3 Qh3 15.
Bg5 Bxg5 16. Nxg5 Qh6 17. f4 Qf8 18. O-O-O O-O-O 19. Rd4 Qe7 20. Rhd1 h6 21.
Ne4 Bc6 22. Nf6 Nd7 23. Nxd7 Bxd7 24. Qe3 Kb8 25. g4 Bc8 26. Bc2 Qh4 27. h3
Rxd4 28. Rxd4 Qe7 29. Be4 h5 30. gxh5 Rxh5 31. Bg2 g5 32. Ra4 c5 33. Qf3 Rh4
34. Kb1 f6 35. Re4 f5 36. Rc4 g4 37. hxg4 Rxg4 38. b4 Qg7 39. Bf1 Rg3 40. Qf2
cxb4 41. cxb4 Rg4 42. Qc5 Qd7 43. Rd4 Qc7 44. Qxc7+ Kxc7 45. Kc2 Rh4 46. a4 Bd7
47. a5 Rh2+ 48. Kc3 Rf2 49. Bc4 Rf3+ 50. Kd2 Rh3 51. Ke2 Rh8 52. Rd6 Re8 53.
Kf2 Kd8 54. Kg3 Kc7 55. Rxd7+ Kxd7 56. Bb5+ Ke7 57. Bxe8 Kxe8 58. Kh4 Kf7 59.
Kh5 Kg7 60. a6 bxa6 61. Kg5 a5 62. bxa5 a6 63. Kh5 Kh7 64. Kh4 Kg8 65. Kg3 Kf7
66. Kh4 Kg6 67. Kg3 Kf7 68. Kh3 Kg7 69. Kg3 1/2-1/2

[Event "CYCC U16"]
[Site "Quebec CAN"]
[Date "2018.07.03"]
[Round "4.17"]
[White "Richardson, Kai"]
[Black "Raninga, Aditya"]
[Result "1/2-1/2"]
[WhiteElo "2042"]
[BlackElo "1862"]
[PlyCount "30"]
[EventDate "2018.07.02"]
[EventType "swiss"]
[EventRounds "7"]
[EventCountry "CAN"]

1. d4 Nf6 2. c4 g6 3. Nc3 Bg7 4. e4 d6 5. f3 Nbd7 6. Be3 a6 7. Nge2 c5 8. Qd2
O-O 9. h4 h5 10. O-O-O Qa5 11. Kb1 b5 12. Nc1 bxc4 13. Bh6 Rb8 14. Bxg7 Kxg7
15. Bxc4 Qb4 1/2-1/2

[Event "CYCC U16"]
[Site "Quebec CAN"]
[Date "2018.07.03"]
[Round "4.18"]
[White "Sivapathasundaram, Manojh"]
[Black "Li, Eric M"]
[Result "0-1"]
[WhiteElo "1825"]
[BlackElo "2032"]
[PlyCount "48"]
[EventDate "2018.07.02"]
[EventType "swiss"]
[EventRounds "7"]
[EventCountry "CAN"]

1. d4 Nf6 2. c4 g6 3. f3 d5 4. cxd5 Nxd5 5. e4 Nb6 6. Nc3 Bg7 7. Be3 O-O 8. Qd2
Nc6 9. O-O-O e5 10. d5 Nd4 11. Bxd4 exd4 12. Nb5 c5 13. dxc6 Be6 14. cxb7 Rb8
15. Kb1 Rxb7 16. Bd3 a6 17. Na3 Na4 18. b3 Bxb3 19. axb3 Rxb3+ 20. Ka2 Rb2+ 21.
Qxb2 Nxb2 22. Kxb2 Qa5 23. Bc4 Rb8+ 24. Ka2 Bf8 0-1

[Event "CYCC U16"]
[Site "Quebec CAN"]
[Date "2018.07.03"]
[Round "4.19"]
[White "Ratelband, William"]
[Black "Lehingrat, Callum"]
[Result "1/2-1/2"]
[WhiteElo "1719"]
[BlackElo "1953"]
[PlyCount "30"]
[EventDate "2018.07.02"]
[EventType "swiss"]
[EventRounds "7"]
[EventCountry "CAN"]

1. e4 c5 2. Nf3 d6 3. Bc4 e6 4. O-O Nf6 5. Nc3 Be7 6. d4 cxd4 7. Nxd4 a6 8. a4
Nc6 9. Be3 Qc7 10. Nxc6 bxc6 11. a5 Bb7 12. Bb6 Qb8 13. f4 O-O 14. Qe2 c5 15.
f5 Bc8 1/2-1/2

[Event "CYCC U16"]
[Site "Quebec CAN"]
[Date "2018.07.03"]
[Round "4.22"]
[White "Chen, Shawn"]
[Black "Xu, Andrew"]
[Result "0-1"]
[WhiteElo "960"]
[BlackElo "1537"]
[PlyCount "48"]
[EventDate "2018.07.02"]
[EventType "swiss"]
[EventRounds "7"]
[EventCountry "CAN"]

1. e4 e6 2. d4 d5 3. e5 c5 4. Nf3 cxd4 5. Nxd4 Bc5 6. Bb5+ Bd7 7. Bxd7+ Nxd7 8.
Bf4 Qb6 9. Be3 Qxb2 10. Nd2 Bxd4 11. Bxd4 Qxd4 12. O-O Nxe5 13. Qe2 Nf6 14. Nf3
Nxf3+ 15. Qxf3 O-O 16. Rfd1 Qe4 17. Qb3 b6 18. Rac1 Rfc8 19. c3 Nh5 20. Rd4 Qg6
21. c4 e5 22. Rd3 dxc4 23. Rxc4 Rxc4 24. Qxc4 Nf4 0-1

[Event "CYCC U16"]
[Site "Quebec CAN"]
[Date "2018.07.03"]
[Round "4.23"]
[White "Rashid, Kaden"]
[Black "Morin, Gabriel"]
[Result "1-0"]
[WhiteElo "1366"]
[BlackElo "926"]
[PlyCount "47"]
[EventDate "2018.07.02"]
[EventType "swiss"]
[EventRounds "7"]
[EventCountry "CAN"]

1. e4 e5 2. Nf3 Bd6 3. Bc4 c6 4. c3 b5 5. Bb3 Nh6 6. d4 Qe7 7. dxe5 Bxe5 8.
Nxe5 Qxe5 9. O-O d6 10. f4 Qe7 11. Re1 O-O 12. f5 Qf6 13. Qh5 Nd7 14. Bxh6 Qxh6
15. Qxh6 gxh6 16. Nd2 Ne5 17. Re3 c5 18. Bd5 Nc4 19. Nxc4 Rb8 20. Nxd6 Bd7 21.
Rg3+ Kh8 22. Nxf7+ Rxf7 23. Bxf7 Be8 24. Rg8# 1-0

[Event "CYCC U16"]
[Site "Quebec CAN"]
[Date "2018.07.03"]
[Round "4.25"]
[White "Leblanc, Miguel"]
[Black "Eirew, Milo"]
[Result "0-1"]
[WhiteElo "1332"]
[BlackElo "948"]
[PlyCount "134"]
[EventDate "2018.07.02"]
[EventType "swiss"]
[EventRounds "7"]
[EventCountry "CAN"]

1. e4 e5 2. Nf3 Nc6 3. d4 Qe7 4. d5 Nd4 5. Nxd4 exd4 6. Qxd4 Nf6 7. Nc3 d6 8.
Bg5 h6 9. Bxf6 gxf6 10. Bb5+ Kd8 11. O-O-O Rg8 12. g3 Bg7 13. f4 f5 14. Qe3
Bxc3 15. bxc3 fxe4 16. Rhe1 f5 17. Rg1 h5 18. Be2 Qe8 19. Qd4 Qf7 20. h4 b6 21.
c4 a5 22. c3 Bd7 23. a3 Ke7 24. Rde1 Qh7 25. Qd1 Be8 26. Bf1 Rg6 27. Bh3 Bd7
28. Re3 Qh8 29. Qd4 Rgg8 30. Qxh8 Rxh8 31. Kb2 Rhc8 32. a4 c6 33. Kb3 Rab8 34.
Rd1 cxd5 35. Rxd5 Rc5 36. Bxf5 Bxf5 37. Rxf5 Rxf5 38. Rxe4+ Kd7 39. Kc2 Re8 40.
Kd3 Rxe4 41. Kxe4 Rc5 42. Kd4 Ke6 43. Kd3 Kf5 44. Kd4 Kg4 45. Ke4 Kxg3 46. f5
Kg4 47. f6 Rf5 48. f7 Rxf7 49. Kd5 Rf4 50. c5 dxc5 51. Kc6 Rxa4 52. Kxb6 Rc4
53. Kxa5 Rxc3 54. Kb5 Rf3 55. Kxc5 Kxh4 56. Kd4 Kg3 57. Ke4 h4 58. Ke5 h3 59.
Ke4 h2 60. Ke5 h1=Q 61. Ke4 Qh4+ 62. Ke5 Qh5+ 63. Ke4 Qg4+ 64. Ke5 Rf5+ 65. Ke6
Qg6+ 66. Ke7 Rf7+ 67. Ke8 Qg8# 0-1

[Event "CYCC U16"]
[Site "Quebec CAN"]
[Date "2018.07.03"]
[Round "4.26"]
[White "Jeyakumar, Yathushan"]
[Black "Zwart, Justin"]
[Result "1/2-1/2"]
[WhiteElo "1409"]
[BlackElo "1381"]
[PlyCount "56"]
[EventDate "2018.07.02"]
[EventType "swiss"]
[EventRounds "7"]
[EventCountry "CAN"]

1. e4 c5 2. c3 d6 3. d4 cxd4 4. cxd4 Nf6 5. Nc3 g6 6. Nf3 Bg7 7. Bc4 O-O 8. O-O
Nc6 9. d5 Na5 10. Bd3 b6 11. Bg5 h6 12. Be3 Bd7 13. Qd2 Kh7 14. Nd4 Ng4 15.
Nde2 Nxe3 16. Qxe3 Rc8 17. Rac1 Nc4 18. Bxc4 Rxc4 19. b3 Rc7 20. Ng3 Qc8 21.
Nce2 Bb5 22. Rxc7 Qxc7 23. Rc1 Qb7 24. Nd4 Qa6 25. Nxb5 Qxb5 26. a4 Qd7 27. f4
Rd8 28. h3 f5 1/2-1/2

[Event "CYCC U16"]
[Site "Quebec CAN"]
[Date "2018.07.04"]
[Round "5.13"]
[White "Surya, Benito"]
[Black "Doknjas, Joshua"]
[Result "0-1"]
[WhiteElo "2094"]
[BlackElo "2257"]
[PlyCount "54"]
[EventDate "2018.07.02"]
[EventType "swiss"]
[EventRounds "7"]
[EventCountry "CAN"]

1. e4 c5 2. Nf3 d6 3. d4 cxd4 4. Nxd4 Nf6 5. Nc3 a6 6. Bc4 e6 7. Bb3 Be7 8. f4
O-O 9. Qf3 Nc6 10. Be3 Qc7 11. O-O-O Nxd4 12. Rxd4 b5 13. f5 b4 14. Ne2 e5 15.
Rd2 Bb7 16. Bd5 Rfc8 17. Kb1 a5 18. g4 Bxd5 19. exd5 Qc4 20. g5 Ne4 21. Rdd1
Qxc2+ 22. Ka1 Nxg5 23. Bxg5 Bxg5 24. h4 Bf6 25. Rc1 Qxb2+ 26. Kxb2 e4+ 27. Qc3
bxc3+ 0-1

[Event "CYCC U16"]
[Site "Quebec CAN"]
[Date "2018.07.04"]
[Round "5.15"]
[White "Zhang, Henry"]
[Black "Richardson, Kai"]
[Result "1-0"]
[WhiteElo "2223"]
[BlackElo "2042"]
[PlyCount "101"]
[EventDate "2018.07.02"]
[EventType "swiss"]
[EventRounds "7"]
[EventCountry "CAN"]

1. e4 e5 2. Nf3 Nc6 3. d4 exd4 4. Nxd4 d6 5. Nc3 Bd7 6. Bc4 Nf6 7. O-O Be7 8.
Re1 O-O 9. h3 a6 10. a4 Ne5 11. Bf1 c5 12. Nf3 b6 13. Bf4 Qc7 14. Qe2 Bc6 15.
Rad1 Rfe8 16. b3 Bf8 17. Nxe5 dxe5 18. Bg5 Be7 19. Bxf6 Bxf6 20. Nd5 Bxd5 21.
Rxd5 a5 22. Qg4 Red8 23. Bd3 h6 24. h4 Rd6 25. c4 Re6 26. Qh3 Qe7 27. g3 Rd8
28. Kg2 Qc7 29. Qg4 Qe7 30. Rb1 Red6 31. Bc2 R6d7 32. Rbd1 Rd6 33. R1d2 Kh8 34.
Qd1 Rxd5 35. exd5 Qd6 36. Qg4 Kg8 37. Qe4 Re8 38. Re2 Kf8 39. Re1 Re7 40. Rh1
Ke8 41. g4 Kd8 42. f3 Re8 43. Qh7 Kc7 44. g5 hxg5 45. hxg5 Bxg5 46. Qxg7 Qe7
47. d6+ Qxd6 48. Qxg5 f6 49. Rh7+ Re7 50. Rxe7+ Qxe7 51. Qg8 1-0

[Event "CYCC U16"]
[Site "Quebec CAN"]
[Date "2018.07.04"]
[Round "5.16"]
[White "Liu, Lambert"]
[Black "Ratelband, William"]
[Result "1-0"]
[WhiteElo "2189"]
[BlackElo "1715"]
[PlyCount "123"]
[EventDate "2018.07.02"]
[EventType "swiss"]
[EventRounds "7"]
[EventCountry "CAN"]

1. e4 e5 2. Nf3 Nc6 3. Bc4 Bc5 4. c3 Nf6 5. d3 d6 6. Bb3 O-O 7. h3 Be6 8. Bc2
h6 9. O-O Qd7 10. d4 Bc4 11. dxc5 Bxf1 12. Qxf1 dxc5 13. Be3 b6 14. Qe2 a6 15.
Nbd2 Rfe8 16. Nf1 Qe7 17. Ng3 b5 18. Nf5 Qf8 19. N3h4 Rab8 20. Qf3 g5 21. Qe2
Kh7 22. Nf3 Nd7 23. Nh2 Ne7 24. Qf3 f6 25. h4 Qf7 26. hxg5 fxg5 27. Qh3 Nxf5
28. exf5 Kg7 29. Ng4 h5 30. f6+ Nxf6 31. Nxf6 Qxf6 32. Qxh5 Rh8 33. Qxg5+ Qxg5
34. Bxg5 Rh5 35. f4 exf4 36. Bxf4 Rbh8 37. Kf2 Rf8 38. Ke3 Re8+ 39. Be4 Re7 40.
Rd1 Kf6 41. Kf3 c4 42. Bb7 a5 43. Kg4 Rc5 44. Kf3 b4 45. Rh1 bxc3 46. bxc3 Rd7
47. Be4 Rb5 48. Rh6+ Ke7 49. Rh7+ Kd8 50. Rh8+ Ke7 51. Rh7+ Kd8 52. Rxd7+ Kxd7
53. Bc1 Ke6 54. g4 Rb8 55. g5 Rf8+ 56. Bf4 Rb8 57. Bxc7 Rb2 58. Bxa5 Rxa2 59.
Bb6 Ra1 60. Bd4 Rf1+ 61. Kg4 Rf8 62. g6 1-0

[Event "CYCC U16"]
[Site "Quebec CAN"]
[Date "2018.07.04"]
[Round "5.17"]
[White "Liao, Joseph"]
[Black "Gaisinsky, Adam"]
[Result "0-1"]
[WhiteElo "1764"]
[BlackElo "2108"]
[PlyCount "140"]
[EventDate "2018.07.02"]
[EventType "swiss"]
[EventRounds "7"]
[EventCountry "CAN"]

1. e4 e5 2. Nf3 Nc6 3. Bc4 Nf6 4. d4 exd4 5. O-O Nxe4 6. Re1 d5 7. Bxd5 Qxd5 8.
Nc3 Qa5 9. Nxe4 Be6 10. Neg5 O-O-O 11. Nxe6 fxe6 12. Rxe6 Be7 13. Qe2 Bf6 14.
Bd2 Qf5 15. Qe4 Qxe4 16. Rxe4 Rd5 17. Rae1 Rc5 18. Rc1 a5 19. a3 Rd8 20. b4
axb4 21. axb4 Rc4 22. c3 b5 23. Nxd4 Bxd4 24. cxd4 Rcxd4 25. Rxd4 Nxd4 26. Re1
Nc2 27. Re2 Rd4 28. g3 Nxb4 29. Bc3 Rd1+ 30. Kg2 Nd5 31. Bxg7 b4 32. f4 Rd3 33.
f5 Nc3 34. Bxc3 bxc3 35. Kf2 Kd8 36. Rc2 c5 37. Ke2 c4 38. g4 Ke7 39. Ke1 Kf6
40. h4 Rh3 41. Ke2 Rh2+ 42. Kd1 Rxh4 43. Rxc3 Rxg4 44. Rh3 Rg7 45. Rh5 Rc7 46.
Kc2 c3 47. Kc1 c2 48. Rh1 Kxf5 49. Rf1+ Kg4 50. Rg1+ Kf5 51. Rf1+ Kg6 52. Rg1+
Kf7 53. Rh1 Kg6 54. Rg1+ Kf5 55. Rf1+ Ke4 56. Rh1 Kf3 57. Rh6 Ke3 58. Rh4 Kd3
59. Rh3+ Ke4 60. Rh1 Kf4 61. Rf1+ Kg3 62. Rg1+ Kh2 63. Rg5 Kh3 64. Rg1 h5 65.
Rg5 h4 66. Rg8 Rc3 67. Rg1 Kh2 68. Rg8 h3 69. Rg7 Rg3 70. Re7 Kg1 0-1

[Event "CYCC U16"]
[Site "Quebec CAN"]
[Date "2018.07.04"]
[Round "5.18"]
[White "Bu, Kevin"]
[Black "Tinica, Gabriel"]
[Result "1/2-1/2"]
[WhiteElo "2023"]
[BlackElo "1889"]
[PlyCount "84"]
[EventDate "2018.07.02"]
[EventType "swiss"]
[EventRounds "7"]
[EventCountry "CAN"]

1. d4 Nf6 2. Nf3 g6 3. Bf4 Bg7 4. c3 O-O 5. h3 d6 6. Nbd2 Nbd7 7. e3 Qe8 8. Bh2
e5 9. dxe5 dxe5 10. Be2 c6 11. O-O Nd5 12. e4 Nf4 13. Bxf4 exf4 14. Qc2 Ne5 15.
Nd4 Qe7 16. N2f3 Nxf3+ 17. Bxf3 Qg5 18. Kh2 h5 19. Be2 Qh6 20. Rh1 g5 21. Kg1
c5 22. Nb3 b6 23. Qd1 h4 24. Bg4 Bxg4 25. Qxg4 Rfe8 26. f3 Rad8 27. Re1 c4 28.
Nc1 Rd6 29. Kh2 Red8 30. Re2 Be5 31. a3 f6 32. Qf5 Kg7 33. Rc2 Qh5 34. Ne2 Qg6
35. Qxg6+ Kxg6 36. Rhc1 Rd2 37. Kg1 Rd1+ 38. Kf2 Rxc1 39. Nxc1 Bd6 40. Rd2 Bc5+
41. Ke2 Rxd2+ 42. Kxd2 Be3+ 1/2-1/2

[Event "CYCC U16"]
[Site "Quebec CAN"]
[Date "2018.07.04"]
[Round "5.19"]
[White "Raninga, Aditya"]
[Black "Rashid, Kaden"]
[Result "1-0"]
[WhiteElo "1862"]
[BlackElo "1366"]
[PlyCount "33"]
[EventDate "2018.07.02"]
[EventType "swiss"]
[EventRounds "7"]
[EventCountry "CAN"]

1. e4 c5 2. Nf3 g6 3. d4 cxd4 4. Nxd4 Bg7 5. Be3 Nc6 6. Nc3 Nf6 7. Bc4 Qa5 8.
O-O d6 9. h3 O-O 10. Bb3 Bd7 11. f4 Qb6 12. Nf5 Qb4 13. Nxg7 Kxg7 14. Qe1 Nxe4
15. a3 Qa5 16. Nxe4 Qh5 17. Ng3 1-0

[Event "CYCC U16"]
[Site "Quebec CAN"]
[Date "2018.07.04"]
[Round "5.20"]
[White "Xu, Andrew"]
[Black "Li, William"]
[Result "0-1"]
[WhiteElo "1537"]
[BlackElo "2204"]
[PlyCount "22"]
[EventDate "2018.07.02"]
[EventType "swiss"]
[EventRounds "7"]
[EventCountry "CAN"]

1. e4 c5 2. c3 d5 3. exd5 Qxd5 4. d4 Nc6 5. Nf3 Bf5 6. c4 Qe4+ 7. Be3 cxd4 8.
Nxd4 O-O-O 9. Nc3 Qe5 10. Nce2 Nb4 11. f4 Qxe3 0-1

[Event "CYCC U16"]
[Site "Quebec CAN"]
[Date "2018.07.04"]
[Round "5.21"]
[White "Lehingrat, Callum"]
[Black "Caron, Daniel"]
[Result "1-0"]
[WhiteElo "1953"]
[BlackElo "1234"]
[PlyCount "51"]
[EventDate "2018.07.02"]
[EventType "swiss"]
[EventRounds "7"]
[EventCountry "CAN"]

1. d4 Nf6 2. c4 d5 3. cxd5 Nxd5 4. e4 Nf6 5. Nc3 e6 6. Nf3 b6 7. Bd3 Bb7 8. O-O
Be7 9. Qe2 O-O 10. Bg5 h6 11. Bf4 c5 12. e5 Nd5 13. Qe4 f5 14. exf6 Rxf6 15.
Qh7+ Kf7 16. Ne5+ Ke8 17. Qg8+ Bf8 18. Bg6+ Ke7 19. Bxh6 Nxc3 20. Bg5 Ne2+ 21.
Kh1 Bxg2+ 22. Kxg2 Qd5+ 23. f3 Nf4+ 24. Bxf4 Rxf4 25. Be4 Qxd4 26. Ng6+ 1-0

[Event "CYCC U16"]
[Site "Quebec CAN"]
[Date "2018.07.04"]
[Round "5.22"]
[White "Eirew, Milo"]
[Black "Sivapathasundaram, Manojh"]
[Result "0-1"]
[WhiteElo "948"]
[BlackElo "1825"]
[PlyCount "109"]
[EventDate "2018.07.02"]
[EventType "swiss"]
[EventRounds "7"]
[EventCountry "CAN"]

1. e4 e5 2. Nf3 Nc6 3. Nc3 Nf6 4. d4 exd4 5. Nxd4 Bc5 6. Be3 Nxd4 7. Bxd4 Bb4
8. Qd3 O-O 9. O-O-O d6 10. g3 Be6 11. a3 Ba5 12. h4 c5 13. Bxf6 Qxf6 14. Qe3
Bxc3 15. bxc3 Bg4 16. Rd3 Rfe8 17. Bg2 Rad8 18. Qd2 b6 19. h5 h6 20. f3 Bc8 21.
Rd1 Ba6 22. Rd5 Re5 23. Rxd6 Rxd6 24. Qxd6 Qxd6 25. Rxd6 Rxh5 26. f4 Rh2 27.
Bf3 Rf2 28. Bh5 Bc4 29. Rd8+ Kh7 30. Rd7 g6 31. Bd1 Rg2 32. g4 Be6 33. Rxa7
Bxg4 34. Rxf7+ Kg8 35. Rd7 Rg1 36. Rd6 Kg7 37. Rd5 h5 38. e5 h4 39. Rd2 Rxd1+
40. Rxd1 Bxd1 41. Kxd1 h3 42. e6 h2 43. e7 h1=Q+ 44. Kd2 Kf7 45. c4 Kxe7 46. c3
Qf3 47. a4 Qxf4+ 48. Kc2 g5 49. a5 bxa5 50. Kd1 Qh2 51. Kc1 g4 52. Kd1 g3 53.
Ke1 Qf2+ 54. Kd1 g2 55. Kc1 0-1

[Event "CYCC U16"]
[Site "Quebec CAN"]
[Date "2018.07.04"]
[Round "5.23"]
[White "Stroganov, Victor"]
[Black "Yang, Brett"]
[Result "1-0"]
[WhiteElo "1297"]
[BlackElo "1323"]
[PlyCount "63"]
[EventDate "2018.07.02"]
[EventType "swiss"]
[EventRounds "7"]
[EventCountry "CAN"]

1. e4 e6 2. d4 d5 3. Nd2 Nf6 4. e5 Nfd7 5. Ngf3 c5 6. c3 Nc6 7. Nb3 h6 8. Be2
Be7 9. O-O a6 10. Be3 c4 11. Nbd2 b5 12. b3 Rb8 13. Rb1 Nb6 14. Qc2 Bd7 15.
Rfe1 a5 16. bxc4 Nxc4 17. Nxc4 bxc4 18. Rxb8 Nxb8 19. Nd2 O-O 20. f4 f5 21.
exf6 Rxf6 22. Nf3 Be8 23. Ne5 Nc6 24. Bg4 Nxe5 25. fxe5 Rg6 26. Bh5 Rxg2+ 27.
Qxg2 Bxh5 28. Bxh6 g6 29. Rf1 Kh7 30. Bd2 Qg8 31. Bg5 Qd8 32. Rf7+ 1-0

[Event "CYCC U16"]
[Site "Quebec CAN"]
[Date "2018.07.04"]
[Round "5.25"]
[White "Zhou, Mike"]
[Black "Leblanc, Miguel"]
[Result "0-1"]
[WhiteElo "1352"]
[BlackElo "1332"]
[PlyCount "86"]
[EventDate "2018.07.02"]
[EventType "swiss"]
[EventRounds "7"]
[EventCountry "CAN"]

1. d4 Nf6 2. Bg5 e6 3. e4 h6 4. Bxf6 Qxf6 5. c3 e5 6. Bc4 exd4 7. Qxd4 Qxd4 8.
cxd4 Nc6 9. Nf3 d6 10. O-O Bg4 11. Nbd2 Be7 12. d5 Ne5 13. Nxe5 dxe5 14. Bb5+
Bd7 15. Bxd7+ Kxd7 16. Nc4 Bd6 17. Rae1 b5 18. Nxd6 cxd6 19. f4 f6 20. fxe5
dxe5 21. Rf3 a5 22. a3 Rac8 23. Rb3 Rc5 24. Ree3 Kd6 25. Kf2 Rf8 26. Rg3 Rf7
27. Rg6 a4 28. Rc3 Rxc3 29. bxc3 Kc5 30. Rg3 Kc4 31. Ke2 Kb3 32. c4+ Kxc4 33.
Rd3 Rd7 34. Kd2 b4 35. axb4 Kxb4 36. Kc2 a3 37. Rb3+ Ka4 38. Rb6 f5 39. Re6
fxe4 40. Rxe5 Rc7+ 41. Kb1 Kb3 42. Rxe4 a2+ 43. Ka1 Rc1# 0-1

[Event "CYCC U16"]
[Site "Quebec CAN"]
[Date "2018.07.04"]
[Round "5.26"]
[White "Morin, Gabriel"]
[Black "Chen, Shawn"]
[Result "1-0"]
[WhiteElo "926"]
[BlackElo "960"]
[PlyCount "76"]
[EventDate "2018.07.02"]
[EventType "swiss"]
[EventRounds "7"]
[EventCountry "CAN"]

1. e4 e6 2. Nf3 d5 3. Nc3 Nf6 4. Bd3 c5 5. exd5 Nxd5 6. O-O Bd6 7. Re1 Nxc3 8.
dxc3 O-O 9. Ng5 h6 10. Nf3 Qc7 11. g3 Nd7 12. Qe2 b6 13. Qe4 Nf6 14. Qxa8 Bb7
15. Qxa7 Ra8 16. Qxa8+ Bxa8 17. Nh4 Qc6 18. f3 g5 19. Ng2 Qxf3 20. Re2 Be4 21.
Rf2 Qd1+ 22. Rf1 Qg4 23. Rxf6 Bxd3 24. cxd3 Qd1+ 25. Rf1 Qxd3 26. Be3 Qe4 27.
Rad1 Bc7 28. Rd7 Be5 29. Rfxf7 Qb1+ 30. Rf1 Qxb2 31. Re7 Qxa2 32. Rc1 Bf6 33.
Rb7 Qb3 34. c4 h5 35. h3 Bd4 36. Bxd4 cxd4 37. Rc7 Qxg3 38. Rb7 h4 1-0

[Event "CYCC U16"]
[Site "Quebec CAN"]
[Date "2018.07.04"]
[Round "6.14"]
[White "Doknjas, Joshua"]
[Black "Raninga, Aditya"]
[Result "1/2-1/2"]
[WhiteElo "2257"]
[BlackElo "1862"]
[PlyCount "34"]
[EventDate "2018.07.02"]
[EventType "swiss"]
[EventRounds "7"]
[EventCountry "CAN"]

1. e4 Nc6 2. d4 e5 3. dxe5 Nxe5 4. f4 Nc6 5. Bc4 d6 6. Nf3 Be6 7. Bb5 a6 8. Ba4
Nf6 9. Nc3 b5 10. Bb3 Be7 11. Qe2 Bxb3 12. axb3 O-O 13. O-O Re8 14. Qd3 Nb4 15.
Qd2 Nc6 16. Re1 Bf8 17. Nd4 Qd7 1/2-1/2

[Event "CYCC U16"]
[Site "Quebec CAN"]
[Date "2018.07.04"]
[Round "6.15"]
[White "Gaisinsky, Adam"]
[Black "Surya, Benito"]
[Result "1/2-1/2"]
[WhiteElo "2108"]
[BlackElo "2094"]
[PlyCount "50"]
[EventDate "2018.07.02"]
[EventType "swiss"]
[EventRounds "7"]
[EventCountry "CAN"]

1. e4 d5 2. exd5 Qxd5 3. Nc3 Qa5 4. d4 Nf6 5. Nf3 Bg4 6. h3 Bh5 7. g4 Bg6 8.
Ne5 e6 9. Bg2 c6 10. h4 Nbd7 11. Nxd7 Kxd7 12. h5 Be4 13. f3 Bd5 14. Bd2 Qc7
15. Qe2 Qg3+ 16. Qf2 Bd6 17. g5 Ng4 18. fxg4 Bxg2 19. Rg1 Qxf2+ 20. Kxf2 Bd5
21. Nxd5 exd5 22. Rae1 Rae8 23. Rxe8 Rxe8 24. Re1 Re6 25. Re3 b6 1/2-1/2

[Event "CYCC U16"]
[Site "Quebec CAN"]
[Date "2018.07.04"]
[Round "6.16"]
[White "Bu, Kevin"]
[Black "Liu, Lambert"]
[Result "1/2-1/2"]
[WhiteElo "2023"]
[BlackElo "2189"]
[PlyCount "156"]
[EventDate "2018.07.02"]
[EventType "swiss"]
[EventRounds "7"]
[EventCountry "CAN"]

1. d4 f5 2. Nf3 Nf6 3. Bf4 g6 4. e3 Bg7 5. Nbd2 d6 6. c3 O-O 7. h3 Nc6 8. Bc4+
e6 9. O-O Kh8 10. Re1 Qe7 11. Bh2 e5 12. dxe5 dxe5 13. Qc2 e4 14. Nd4 Ne5 15.
Bxe5 Qxe5 16. Rad1 c5 17. Ne2 Bd7 18. Ng3 b5 19. Bf1 Rae8 20. Nb3 g5 21. Nh5
Rd8 22. Nxf6 Bxf6 23. Rd2 a6 24. Red1 Bc6 25. Na5 Ba8 26. c4 Qc7 27. Nb3 b4 28.
Nc1 Bc6 29. Ne2 Rxd2 30. Rxd2 Rd8 31. Ng3 Qe5 32. Rxd8+ Bxd8 33. Qd2 Bc7 34.
Be2 Kg8 35. Nf1 Kf8 36. Bd1 Ke7 37. Be2 a5 38. b3 Qa1 39. Bd1 Bd6 40. Ng3 Qe5
41. Nf1 Be8 42. Qe2 h5 43. Ng3 Bg6 44. Nf1 Kd7 45. Ng3 Kc6 46. Nf1 Kc7 47. Ng3
f4 48. Nf1 Qe6 49. Qd2 f3 50. gxf3 Qxh3 51. Qd5 Qf5 52. Qxf5 Bxf5 53. Bc2 Bd7
54. Bxe4 Be8 55. Ng3 Kd7 56. Nf5 Bf8 57. Kg2 Ke6 58. Ng3 Ke5 59. Ne2 Be7 60.
Ng3 Bf8 61. Bd3 a4 62. Be4 axb3 63. axb3 Be7 64. Ne2 Bd6 65. Nc1 Kf6 66. Nd3
Bf7 67. Nc1 Be8 68. Ne2 Bf7 69. Ng3 Be8 70. Bd5 Bg6 71. Be4 Be8 72. Nf5 Bf8 73.
Ng3 Bd6 74. Ne2 Bc7 75. Ng3 Bd6 76. Bd3 Be7 77. Ne4+ Ke5 78. Ng3 Kf6 1/2-1/2

[Event "CYCC U16"]
[Site "Quebec CAN"]
[Date "2018.07.04"]
[Round "6.17"]
[White "Li, William"]
[Black "Tinica, Gabriel"]
[Result "1-0"]
[WhiteElo "2204"]
[BlackElo "1889"]
[PlyCount "49"]
[EventDate "2018.07.02"]
[EventType "swiss"]
[EventRounds "7"]
[EventCountry "CAN"]

1. e4 c5 2. Nf3 g6 3. c3 d5 4. exd5 Qxd5 5. Na3 Bg7 6. d4 cxd4 7. Bc4 Qd8 8.
cxd4 Nf6 9. O-O O-O 10. Qb3 Nc6 11. Ne5 Nxd4 12. Nxf7 Nxb3 13. Nxd8+ Kh8 14.
axb3 Rxd8 15. Nb5 a6 16. Nc7 Rb8 17. Re1 b5 18. Be6 Rb7 19. Bxc8 Rxc8 20. Nxa6
Ra8 21. Be3 Nd5 22. Nb4 Rxa1 23. Rxa1 Nxb4 24. Ra8+ Bf8 25. Bh6 1-0

[Event "CYCC U16"]
[Site "Quebec CAN"]
[Date "2018.07.04"]
[Round "6.18"]
[White "Li, Eric M"]
[Black "Lehingrat, Callum"]
[Result "1/2-1/2"]
[WhiteElo "2032"]
[BlackElo "1953"]
[PlyCount "68"]
[EventDate "2018.07.02"]
[EventType "swiss"]
[EventRounds "7"]
[EventCountry "CAN"]

1. d4 Nf6 2. Bf4 e6 3. Nf3 c5 4. e3 d5 5. c3 Nc6 6. Nbd2 Bd6 7. Bg3 O-O 8. Bd3
b6 9. O-O Bb7 10. Ne5 Qc7 11. f4 Ne7 12. Qb1 g6 13. Bh4 Ne8 14. Qe1 f6 15. Nef3
Nc6 16. Bg3 e5 17. fxe5 fxe5 18. dxe5 Nxe5 19. Nxe5 Rxf1+ 20. Nxf1 Bxe5 21. e4
Nf6 22. exd5 Re8 23. Bxe5 Rxe5 24. Qg3 Nxd5 25. Bc4 Kg7 26. Rd1 Qe7 27. Rd2 Ne3
28. Nxe3 Rxe3 29. Rd7 Qxd7 30. Qxe3 Qd1+ 31. Kf2 Qc2+ 32. Be2 Qf5+ 33. Kg3 Kf6
34. Bf3 Bxf3 1/2-1/2